00575nam a2200193Ia 4500001000700000003000500007008004100012010001100053040000900064082001500073100002800088245009500116260003700211300001100248440000500259500000500264503000500269650010700274Z_5143CHAP220113s1987 xx 000 0 und d a168200 cCHAP a519.536 M3 aMartínez Garza, Angel aTeoría de la regresión : con aplicaciones económicas /cpor Angel Martínez Garza aChapingo, Méx. :bC.P.,c1987 a490 p. a a a aAnálisis de regresión I. Colegio de Postgraduados. Chapingo, Méx. II. Castillo Morales, Alberto